000 00296 a2200109 4500
020 _a007068135X
082 _a624.171 WAN
100 _aWang, C. K.
245 _aIntermediate Structural Analysis/
_cC. K. Wang
260 _aBoston :
_bMc Graw Hill,
_c1983
300 _axv, 781p. :
_bill. ;
_c23 cm
650 _aStructural Analysis
999 _c1218
_d1218